Simultaneous Use of the Financial Literacy Level and the Financial Inclusion Degree as a Result of Financial Education Efficiency in Visegrad Group Countries

Hodnotenie úrovne finančnej gramotnosti a stupeň finančného začlenenia medzi študentmi, ktorí študujú ekonomický smer.

Salvato in:
Dettagli Bibliografici
Autore principale: Bobenič Hintošová, Aneta, 1979-
Altri autori: Bačová, Monika, Frączek, Bożena, Siviček, Tomáš
Natura: Capitolo di libro
Lingua:inglese
Soggetti:
Tags: Aggiungi Tag
Nessun Tag, puoi essere il primo ad aggiungerne!!

MARC

LEADER 00000naa a2200000 4500
001 0237791
005 20250514124558.9
041 0 |a eng 
044 |a PL 
245 1 0 |a Simultaneous Use of the Financial Literacy Level and the Financial Inclusion Degree as a Result of Financial Education Efficiency in Visegrad Group Countries  |c Aneta Bobenič Hintošová, Monika Bačová, Bożena Frączek, Tomáš Siviček 
520 |a Hodnotenie úrovne finančnej gramotnosti a stupeň finančného začlenenia medzi študentmi, ktorí študujú ekonomický smer. 
610 2 0 |a gramotnosť finančná 
610 2 0 |a inklúzia finančná 
610 2 0 |a financie osobné 
610 2 0 |a trh finančný 
610 2 0 |a vzdelávanie 
610 2 0 |a študenti 
100 1 |a Bobenič Hintošová, Aneta, 1979- 
700 1 |a Bačová, Monika 
700 1 |a Frączek, Bożena 
700 1 |a Siviček, Tomáš